| 000 | 00000nam##2200000za#4500 |
| 001 | 9.699563 |
| 003 | CaOODSP |
| 005 | 20210927150512 |
| 007 | cr ||||||||||| |
| 008 | 150407|2010||||xxc|||||o f|0| 0 eng|d |
| 040 | |aCaOODSP|beng |
| 043 | |an-cn--- |
| 086 | 1 |aR3-115/2009E-PDF |
| 110 | 1 |aCanada. |bIndian and Northern Affairs Canada. |
| 245 | 10|aSupporting modern treaties through policy and legislation |h[electronic resource] |
| 260 | |aOttawa - Ontario : |bIndian and Northern Affairs |c[2010]. |
| 300 | |a2p.|bphotographs |
| 590 | |a15-02-Supp|b2015-02-16 |
| 690 | 07|aIndigenous rights|2gcpds |
| 690 | 07|aAgreements|2gcpds |
| 775 | 08|tAppuyer les traités modernes par l'entremise de politiques et de dispositions législatives |w(CaOODSP)9.643515 |
| 856 | 40|ahttp://publications.gc.ca|qPDF|s168 KB|uhttps://publications.gc.ca/collections/collection_2014/aadnc-aandc/R3-115-2009-eng.pdf |
| 986 | |aQS-Y338-000-EE-A1 |